বিশ্বের দেশসমূহ কুইজ - Statistics

General Stats
  • This quiz has been taken 2 times
  • The average score is 2 of 196
Answers on the Map
Answers color-coded by a green-red scale on the quiz's map according to % correct below.
 
Answer Stats
Country % Correct
বাংলাদেশ
100%
ভারত
50%
আফগানিস্তান
0%
আলবেনিয়া
0%
আলজেরিয়া
0%
অ্যান্ডোরা
0%
অ্যাঙ্গোলা
0%
অ্যান্টিগুয়া ও বারবুডা
0%
আর্জেন্টিনা
0%
আর্মেনিয়া
0%
অস্ট্রেলিয়া
0%
অস্ট্রিয়া
0%
আজারবাইজান
0%
বাহামাস
0%
বাহরাইন
0%
বার্বাডোস
0%
বেলারুস
0%
বেলজিয়াম
0%
বেলিজ
0%
বেনিন
0%
ভুটান
0%
বলিভিয়া
0%
বসনিয়া ও হার্জেগোভিনা
0%
বতসোয়ানা
0%
ব্রাজিল
0%
ব্রুনেই
0%
বুলগেরিয়া
0%
বুর্কিনা ফাসো
0%
মিয়ানমার
0%
বুরুন্ডি
0%
কম্বোডিয়া
0%
ক্যামেরুন
0%
কানাডা
0%
কেপ ভার্দে
0%
চাদ
0%
চিলি
0%
চীন
0%
কলম্বিয়া
0%
কমোরোস
0%
কোস্টা রিকা
0%
আইভরি কোস্ট
0%
ক্রোয়েশিয়া
0%
কিউবা
0%
সাইপ্রাস
0%
চেক প্রজাতন্ত্র
0%
কঙ্গোর গণতান্ত্রিক প্রজাতন্ত্র
0%
ডেনমার্ক
0%
জিবুতি
0%
ডোমিনিকা
0%
ডোমিনিকান প্রজাতন্ত্র
0%
পূর্ব তিমুর
0%
ইকুয়েডর
0%
মিশর
0%
এল সালভাদর
0%
ইকুয়েটোরিয়াল গিনি
0%
ইরিত্রিয়া
0%
এস্তোনিয়া
0%
ইথিওপিয়া
0%
মাইক্রোনেশিয়ার ফেডারেটেড স্টেটস
0%
ফিজি
0%
ফিনল্যান্ড
0%
ফ্রান্স
0%
গ্যাবন
0%
গাম্বিয়া
0%
জর্জিয়া
0%
জার্মানি
0%
ঘানা
0%
গ্রিস
0%
গ্রেনাডা
0%
গুয়াতেমালা
0%
গিনি
0%
গিনি-বিসাউ
0%
গায়ানা
0%
হাইতি
0%
হন্ডুরাস
0%
হাঙ্গেরি
0%
আইসল্যান্ড
0%
ইন্দোনেশিয়া
0%
ইরান
0%
ইরাক
0%
আয়ারল্যান্ড
0%
ইসরায়েল
0%
ইতালি
0%
জামাইকা
0%
জাপান
0%
জর্ডান
0%
কাজাখস্তান
0%
কেনিয়া
0%
কিরিবাতি
0%
কোসোভো
0%
কুয়েত
0%
কিরগিজস্তান
0%
লাওস
0%
লাতভিয়া
0%
লেবানন
0%
লেসোথো
0%
লাইবেরিয়া
0%
লিবিয়া
0%
লিশটেনস্টাইন
0%
লিথুয়ানিয়া
0%
লুক্সেমবার্গ
0%
উত্তর মেসিডোনিয়া
0%
মাদাগাস্কার
0%
মালাউই
0%
মালয়েশিয়া
0%
মালদ্বীপ
0%
মালি
0%
মাল্টা
0%
মার্শাল দ্বীপপুঞ্জ
0%
মরিতানিয়া
0%
মরিশাস
0%
মেক্সিকো
0%
মোলদোভা
0%
মোনাকো
0%
মঙ্গোলিয়া
0%
মন্টেনেগ্রো
0%
মরক্কো
0%
মোজাম্বিক
0%
নামিবিয়া
0%
নাউরু
0%
নেপাল
0%
নেদারল্যান্ডস
0%
নিউজিল্যান্ড
0%
নিকারাগুয়া
0%
নাইজার
0%
নাইজেরিয়া
0%
উত্তর কোরিয়া
0%
নরওয়ে
0%
ওমান
0%
পাকিস্তান
0%
পালাউ
0%
পানামা
0%
পাপুয়া নিউ গিনি
0%
প্যারাগুয়ে
0%
পেরু
0%
ফিলিপাইন
0%
পোল্যান্ড
0%
পর্তুগাল
0%
কাতার
0%
কঙ্গো প্রজাতন্ত্র
0%
রোমানিয়া
0%
রাশিয়া
0%
রুয়ান্ডা
0%
সেন্ট কিটস ও নেভিস
0%
সেন্ট লুসিয়া
0%
সেন্ট ভিনসেন্ট ও গ্রেনাডাইনস
0%
সামোয়া
0%
সান মারিনো
0%
সাও টোমে ও প্রিন্সিপে
0%
সৌদি আরব
0%
সেনেগাল
0%
সার্বিয়া
0%
সেশেলস
0%
সিয়েরা লিওন
0%
সিঙ্গাপুর
0%
স্লোভাকিয়া
0%
স্লোভেনিয়া
0%
সলোমন দ্বীপপুঞ্জ
0%
সোমালিয়া
0%
দক্ষিণ আফ্রিকা
0%
দক্ষিণ কোরিয়া
0%
দক্ষিণ সুদান
0%
স্পেন
0%
শ্রীলঙ্কা
0%
সুদান
0%
সুরিনাম
0%
এসওয়াতিনি
0%
সুইডেন
0%
সুইজারল্যান্ড
0%
সিরিয়া
0%
তাইওয়ান
0%
তাজিকিস্তান
0%
তানজানিয়া
0%
থাইল্যান্ড
0%
টোগো
0%
টোঙ্গা
0%
ত্রিনিদাদ ও টোবাগো
0%
তিউনিসিয়া
0%
তুরস্ক
0%
তুর্কমেনিস্তান
0%
তুভালু
0%
উগান্ডা
0%
ইউক্রেন
0%
সংযুক্ত আরব আমিরাত
0%
যুক্তরাজ্য
0%
যুক্তরাষ্ট্র
0%
উরুগুয়ে
0%
উজবেকিস্তান
0%
ভানুয়াতু
0%
ভ্যাটিকান সিটি
0%
ভেনেজুয়েলা
0%
ভিয়েতনাম
0%
ইয়েমেন
0%
জাম্বিয়া
0%
জিম্বাবুয়ে
0%
মধ্য আফ্রিকান প্রজাতন্ত্র
0%
No matching quizzes found
Score Distribution
Percent of People with Each Score
Percentile by Number Answered
Your Score History
You have not taken this quiz